The position of the lines of no secular variation of magnetic declination in siberia for different epochs; Terrestrial Magnetism and Atmospheric Electricity; Vol. 29, № 2

Dades bibliogràfiques
Parent link:Terrestrial Magnetism and Atmospheric Electricity
Vol. 29, № 2.— 1924.— P. 73-79
Autor principal: Weinberg В. Р. Boris Petrovich
Sumari:В фонде НТБ ТПУ отсутствует
Idioma:anglès
Publicat: 1924
Matèries:
Format: MixedMaterials Capítol de llibre
KOHA link:https://koha.lib.tpu.ru/cgi-bin/koha/opac-detail.pl?biblionumber=597395

MARC

LEADER 00000naa0a2200000 4500
001 597395
005 20250205140552.0
035 |a (RuTPU)RU\TPU\tpu\20660 
035 |a RU\TPU\tpu\2087 
090 |a 597395 
100 |a 20120201d1924 k||y0rusy50 ba 
101 0 |a eng 
102 |a US 
200 1 |a The position of the lines of no secular variation of magnetic declination in siberia for different epochs  |f В. Р. Weinberg 
333 |a В фонде НТБ ТПУ отсутствует 
461 |t Terrestrial Magnetism and Atmospheric Electricity 
463 |t Vol. 29, № 2  |v P. 73-79  |d 1924 
610 1 |a труды учёных ТПУ 
700 1 |a Weinberg  |b В. Р.  |c Russian scientist  |c professor of TIT (1909-1924)  |g Boris Petrovich  |3 (RuTPU)RU\TPU\pers\28202 
801 0 |a RU  |b 63413507  |c 20011210  |g PSBO 
801 2 |a RU  |b 63413507  |c 20120516  |g PSBO 
942 |c CR